000 00370nam a2200133Ia 4500
008 240624s9999 xx 000 0 und d
041 _aeng
082 _a658.4092 MAX
100 _aMAXWELL JOHN C
245 _a360 DEGREE LEADER DEVELOPING YOUR INFLUENCE FROM ANYW
260 _c2015
_aMumbai
_bJaico Publishing
300 _aix, : 314 : p. : cm. ; 21
365 _cRS
_b35
999 _c26754
_d26754